000 00946nam a2200241 4500
005 20230219151112.0
037 _aIA 1461 66/A-B
040 _aBC-ENSA
_bfre
041 _afre
_bfre-ang-ara
080 _a632.952
084 _aH01
100 _aKRIBET, Asmaà/ LAMRANI, Hanane
245 _aRecherche et identification des espèces fongiques transmises par semence associées à la fusariose du blé et recherche de source de résistance à la pourriture du collet
_cAsmaà Kribet, Hanane Lamrani
260 _c2020
300 _a65 p.
_b21 ill., 08 tabl., 120 réf.
_c30 cm
500 _aLa cote : IA 1461 66/B est versée en Botanique
502 _aMém.-ing. : Agron.
_bIngénieur
_cENSA : département de Botanique
_lEl Harrach
541 _cPROD-LOC
562 _e02 exemplaires
650 _aFUSARIUM/FONGICIDE/ALTERNARIA/EPI/COLLET/POURRITURE/BLE DUR/BLE TENDRE
700 _aBOUREGHDA, H.
_edir. thèse
942 _c12
999 _c35224
_d63222